<?xml version="1.0" encoding="UTF-8"?>
<record
    xmlns:xsi="http://www.w3.org/2001/XMLSchema-instance"
    xsi:schemaLocation="http://www.loc.gov/MARC21/slim http://www.loc.gov/standards/marcxml/schema/MARC21slim.xsd"
    xmlns="http://www.loc.gov/MARC21/slim">

  <leader>01789cam a22002533a 4500</leader>
  <controlfield tag="001">19755</controlfield>
  <controlfield tag="003">PGUSA</controlfield>
  <controlfield tag="005">20140828083422.0</controlfield>
  <controlfield tag="008">061111s2006||||xxu|||||s|||||000 | eng d</controlfield>
  <datafield tag="040" ind1=" " ind2=" ">
    <subfield code="a">PGUSA</subfield>
    <subfield code="b">eng</subfield>
  </datafield>
  <datafield tag="042" ind1=" " ind2=" ">
    <subfield code="a">dc</subfield>
  </datafield>
  <datafield tag="050" ind1=" " ind2="4">
    <subfield code="a">HN</subfield>
  </datafield>
  <datafield tag="050" ind1=" " ind2="4">
    <subfield code="a">DD</subfield>
  </datafield>
  <datafield tag="100" ind1="1" ind2=" ">
    <subfield code="a">Abbe, Ernst,</subfield>
    <subfield code="d">1840-1905</subfield>
  </datafield>
  <datafield tag="245" ind1="1" ind2="0">
    <subfield code="a">Gesammelte Abhandlungen III :</subfield>
    <subfield code="b">Vortr&#xE4;ge, Reden und Schriften sozialpolitischen und verwandten Inhalts</subfield>
    <subfield code="h">[electronic resource] /</subfield>
    <subfield code="c">Ernst Abbe</subfield>
  </datafield>
  <datafield tag="260" ind1=" " ind2=" ">
    <subfield code="b">Project Gutenberg,</subfield>
    <subfield code="c">2006</subfield>
  </datafield>
  <datafield tag="505" ind1="0" ind2=" ">
    <subfield code="a">Welche sozialen Forderungen soll die Freisinnige Volkspartei in ihr Programm aufnehmen? (1894) -- Ged&#xE4;chtnisrede zur Feier des 50j&#xE4;hrigen Bestehens der Optischen Werkst&#xE4;tte (1896) -- &#xDC;ber Gewinnbeteiligung der Arbeiter in der Gro&#xDF;industrie (1897) -- &#xDC;ber die Grundlagen der Lohnregelung in der Optischen Werkst&#xE4;tte (1897) -- Zur Frage der Sonderbesteuerung des Konsumvereins (1898) -- Die rechtswidrige Beschr&#xE4;nkung der Versammlungsfreiheit im Gro&#xDF;herzogtum Sachsen (1900) -- Die volkswirtschaftliche Bedeutung der Verk&#xFC;rzung des industriellen Arbeitstages (1901) -- &#xDC;ber die Aufgaben des Arbeiterausschusses (1902) -- Statut der Carl Zeiss-Stiftung zu Jena (Text der Neuredaktion von 1906 mit den Varianten der Ausgabe von 1896) nebst Erg&#xE4;nzungsstatut (1900) -- Motive und Erl&#xE4;uterungen zum Entwurf eines Statuts der Carl Zeiss-Stiftung (1895) -- Motive und Erl&#xE4;uterungen. Nachtrag zum zweiten Entwurf, Titel V (1896) -- Die Verfassung der Carl Zeiss-Stiftung. Erl&#xE4;uterungen zu Titel I und II des Stiftungsstatuts (1900)</subfield>
  </datafield>
  <datafield tag="506" ind1=" " ind2=" ">
    <subfield code="a">Public domain in the USA.</subfield>
  </datafield>
  <datafield tag="516" ind1=" " ind2=" ">
    <subfield code="a">Electronic text</subfield>
  </datafield>
  <datafield tag="653" ind1=" " ind2=" ">
    <subfield code="a">Germany -- Social policy -- History</subfield>
  </datafield>
  <datafield tag="830" ind1=" " ind2="0">
    <subfield code="a">Project Gutenberg</subfield>
    <subfield code="v">19755</subfield>
  </datafield>
  <datafield tag="856" ind1="4" ind2="0">
    <subfield code="u">http://www.gutenberg.org/ebooks/19755</subfield>
  </datafield>
  <datafield tag="942" ind1=" " ind2=" ">
    <subfield code="c">EB</subfield>
  </datafield>
  <datafield tag="999" ind1=" " ind2=" ">
    <subfield code="c">249010</subfield>
    <subfield code="d">249010</subfield>
  </datafield>
  <datafield tag="952" ind1=" " ind2=" ">
    <subfield code="0">0</subfield>
    <subfield code="1">0</subfield>
    <subfield code="4">0</subfield>
    <subfield code="a">GTB</subfield>
    <subfield code="b">GTB</subfield>
    <subfield code="d">2014-08-28</subfield>
    <subfield code="l">0</subfield>
    <subfield code="r">2014-08-28 00:00:00</subfield>
    <subfield code="w">2014-08-28</subfield>
    <subfield code="y">EB</subfield>
  </datafield>
</record>
